Statistics for 2023 World Athletics Championships: gold medalists

Click here to take the quiz!

General Stats

  • This quiz has been taken 28 times
  • The average score is 24 of 50

Answer Stats

% Correct
Men4 x 100 metres
relay
Christian
Coleman
Fred
Kerley
Brandon
Carnes
Noah
Lyles
USA
96%
Men100 metresNoah
Lyles
USA
96%
Men200 metresNoah
Lyles
USA
96%
Menpole vaultArmand
Duplantis
Sweden
88%
Women4 x 400 metres
relay
Eveline
Saalberg
Lieke
Klaver
Cathelijn
Peeters
Femke
Bol
Netherlands
83%
Women4 x 100 metres
relay
Tamari
Davis
Twanisha
Terry
Gabrielle
Thomas
Sha'Carri
Richardson
USA
83%
Women400 metres
hurdles
Femke
Bol
Netherlands
83%
Women100 metresSha'Carri
Richardson
USA
83%
Men400 metres
hurdles
Karsten
Warholm
Norway
75%
Women200 metresShericka
Jackson
Jamaica
75%
WomenheptationKatarina
Johnson-
Thompson
United
Kingdom
67%
Womenpole vaultKatie
Moon
USA
67%
Womenpole vaultNina
Kennedy
Australia
67%
Menhigh jumpGianmarco
Tamberi
Italy
63%
Men5000 metresJakob
Ingebrigtsen
Norway
63%
Men1500 metresJosh
Kerr
United
Kingdom
63%
Menshot putRyan
Crouser
USA
63%
Men110 metres
hurdles
Grant
Holloway
USA
54%
Women800 metresMary
Moraa
Kenya
54%
Menjavelin throwNeeraj
Chopra
India
54%
Mendiscus throwDaniel
Ståhl
Sweden
50%
Menlong jumpMiltiadis
Tentoglou
Greece
50%
Womentriple jumpYulimar
Rojas
Venezuela
50%
Men10,000 metresJoshua
Cheptegei
Uganda
46%
Men800 metresMarco
Arop
Canada
46%
Women400 metresMarileidy
Paulino
Dominican
Republic
46%
Men3000 metres
steeplechase
Soufiane
El Bakkali
Morocco
46%
Men4 x 400 metres
relay
Quincy
Hall
Vernon
Norwood
Justin
Robinson
Rai Benjamin
Trevor
USA
42%
Women5000 metresFaith
Kipyegon
Kenya
42%
Women1500 metresFaith
Kipyegon
Kenya
42%
MendecathlonPierce
LePage
Canada
42%
Womenlong jumpIvana
Vuleta
Serbia
38%
Women10,000 metresGudaf
Tsegay
Ethiopia
33%
Women20 kilometres
walk
María
Pérez
Spain
33%
Women35 kilometres
walk
María
Pérez
Spain
33%
Womenhigh jumpYaroslava
Mahuchikh
Ukraine
33%
Men400 metresAntonio
Watson
Jamaica
29%
Womenshot putChase
Ealey
USA
29%
Womendiscus throwLaulauga
Tausaga
USA
29%
Women3000 metres
steeplechase
Winfred
Yavi
Bahrain
29%
Women100 metres
hurdles
Danielle
Williams
Jamaica
25%
Mentriple jumpHugues Fabrice
Zango
Burkina
Faso
25%
Menhammer throwEthan
Katzberg
Canada
21%
Womenjavelin throwHaruka
Kitaguchi
Japan
21%
Womenhammer throwCamryn
Rogers
Canada
17%
Mixed4 × 400 metres
relay
Justin
Robinson
Rosey
Effiong
Matthew
Boling
Alexis
Holmes
USA
17%
Men20 kilometres
walk
Álvaro
Martín
Spain
13%
Men35 kilometres
walk
Álvaro
Martín
Spain
13%
WomenmarathonAmane
Beriso
Ethiopia
4%
MenmarathonVictor
Kiplangat
Uganda
4%

Score Distribution

Percentile by Number Answered

Percent of People with Each Score

Your Score History

You have not taken this quiz